Score 0/50 Timer 04:00
8 Plays Today
% Correct
Derbyshire
91%
Daffy
88.4%
Donald
87.2%
Daisy
87.1%
Dive
86.4%
Dip
83.6%
Delilah
82.6%
Duck
81.7%
Dodge
81.6%
Dog
81.4%
Dolphin
81.3%
Deer
81.3%
Deborah
79.9%
Dollar
79.1%
Danube
78.7%
Dodge
77.1%
Dinar
76.7%
Devon
75.5%
Dewey
74.8%
Durham
74.7%
Daenerys
73%
Düsseldorf
72%
Dinah
70.2%
Dorset
68.2%
Dungeonmaster
67.1%
% Correct
Dormouse
65.2%
Dresden
64.7%
Dortmund
63.1%
Darmstadt
60.9%
Dunăre
59.6%
D&D
58.4%
Dwarf
56.9%
Darkwing
56.2%
Dunaj
55.4%
Dorcas (Tabitha)
54.7%
Dunav
54.6%
Druid
53.4%
Duisburg
52.7%
Drogo
52.5%
Dong
50.3%
Daario
49.4%
Donau
47.9%
Davos
45.9%
D20
45.9%
Dugong
39%
Damaris
38.5%
Dirham
26.6%
Doran
24.9%
Down
22.9%
Dalasi
14.2%
Remove Ads.
Support Sporcle.
Get the best of Sporcle when you Go Orange. This ad-free experience offers more features, more stats, and more fun while also helping to support Sporcle. Thank you for becoming a member.

You're not logged in!

Compare scores with friends on all Sporcle quizzes.
OR
Log In

Show Comments

Extras

Top Quizzes Today


Score Distribution

Your Account Isn't Verified!

In order to create a playlist on Sporcle, you need to verify the email address you used during registration. Go to your Sporcle Settings to finish the process.

Report this User

Report this user for behavior that violates our Community Guidelines.

Details: